<?xml version="1.0" encoding="UTF-8"?>
<record
    xmlns:xsi="http://www.w3.org/2001/XMLSchema-instance"
    xsi:schemaLocation="http://www.loc.gov/MARC21/slim http://www.loc.gov/standards/marcxml/schema/MARC21slim.xsd"
    xmlns="http://www.loc.gov/MARC21/slim">

  <leader>02281nam a22003017a 4500</leader>
  <controlfield tag="003">OSt</controlfield>
  <controlfield tag="005">20260421161809.0</controlfield>
  <controlfield tag="008">260421b        |||||||| |||| 00| 0 eng d</controlfield>
  <datafield tag="020" ind1=" " ind2=" ">
    <subfield code="a">9586533077</subfield>
  </datafield>
  <datafield tag="037" ind1=" " ind2=" ">
    <subfield code="b">Donaci&#xF3;n</subfield>
  </datafield>
  <datafield tag="040" ind1=" " ind2=" ">
    <subfield code="a">CO-JMCR</subfield>
    <subfield code="b">spa</subfield>
    <subfield code="c">CO-JMCR</subfield>
    <subfield code="d">CO-JMCR</subfield>
    <subfield code="e">rda</subfield>
  </datafield>
  <datafield tag="041" ind1="0" ind2=" ">
    <subfield code="a">spa</subfield>
  </datafield>
  <datafield tag="082" ind1="0" ind2="4">
    <subfield code="a">346.07</subfield>
    <subfield code="b">N16o</subfield>
  </datafield>
  <datafield tag="100" ind1="1" ind2=" ">
    <subfield code="a">Narv&#xE1;ez Garc&#xED;a, Jos&#xE9; Ignacio, </subfield>
    <subfield code="d">1931 - 2010 </subfield>
    <subfield code="e">autor</subfield>
    <subfield code="9">44621</subfield>
  </datafield>
  <datafield tag="245" ind1="1" ind2="0">
    <subfield code="a">Obligaciones y contratos mercantiles / </subfield>
    <subfield code="c">Jos&#xE9; Ignacio Narv&#xE1;ez Garc&#xED;a </subfield>
  </datafield>
  <datafield tag="250" ind1=" " ind2=" ">
    <subfield code="a">Segunda</subfield>
  </datafield>
  <datafield tag="264" ind1=" " ind2=" ">
    <subfield code="a">Bogot&#xE1; :</subfield>
    <subfield code="b">Legis,</subfield>
    <subfield code="c">2002</subfield>
  </datafield>
  <datafield tag="300" ind1=" " ind2=" ">
    <subfield code="a">281 p&#xE1;ginas : </subfield>
    <subfield code="c">24 cm.</subfield>
  </datafield>
  <datafield tag="490" ind1="0" ind2=" ">
    <subfield code="a">Derecho mercantil colombiano ;</subfield>
    <subfield code="v">5</subfield>
  </datafield>
  <datafield tag="500" ind1=" " ind2=" ">
    <subfield code="a">Incluye biograf&#xED;a </subfield>
  </datafield>
  <datafield tag="504" ind1=" " ind2=" ">
    <subfield code="a">Bibliograf&#xED;a 279 - 281 </subfield>
  </datafield>
  <datafield tag="505" ind1="2" ind2=" ">
    <subfield code="a">La autonom&#xED;a privada y la libertad de contratar -- La generalizaci&#xF3;n de pr&#xE1;cticas y reglas -- Marco conceptual de la contrataci&#xF3;n mercantil -- La praxis de la contrataci&#xF3;n mercantil -- Tratos preliminares de los contratantes -- Directrices de la ley mercantil sobre obligaciones -- Teor&#xED;as erigidas en preceptos -- Aplicaci&#xF3;n de normas civiles a negocios jur&#xED;dicos mercantiles -- Formaci&#xF3;n, efectos, interpretaci&#xF3;n y prueba -- Anomal&#xED;as en los negocios jur&#xED;dicos mercantiles </subfield>
  </datafield>
  <datafield tag="520" ind1="3" ind2=" ">
    <subfield code="a">La vida econ&#xF3;mica contempor&#xE1;nea se ha acentuado con el extraordinario dinamismo y la intensidad de las actividades empresariales que hacen frente a la incesante oferta y demanda de los m&#xE1;s variados bienes y servicios. En este entorno constantemente se configuran negocios jur&#xED;dicos que generan, regulan, modifican, transforman o extinguen relaciones de contenido patrimonial.

Las obligaciones dominan as&#xED; el mundo de la contrataci&#xF3;n que se manifiesta en m&#xFA;ltiples figuras o modalidades, dentro de las cuales se cuentan los contratos tipo, de empresa, complejos, plurilaterales, de administraci&#xF3;n o compra de cartera, consorcio, de leasing, de underwriting, de know how, de licencia industrial, de asistencia t&#xE9;cnica, de franquicia, de outsourcing, inform&#xE1;ticos, electr&#xF3;nicos y muchos otros, en gran n&#xFA;mero at&#xED;picos en Colombia. </subfield>
  </datafield>
  <datafield tag="650" ind1=" " ind2="7">
    <subfield code="a">Contratos</subfield>
    <subfield code="x">Legislaci&#xF3;n</subfield>
    <subfield code="z">Colombia</subfield>
    <subfield code="2">JMCR</subfield>
    <subfield code="9">8894</subfield>
  </datafield>
  <datafield tag="650" ind1=" " ind2="7">
    <subfield code="a">Derecho comercial</subfield>
    <subfield code="x">Legislaci&#xF3;n</subfield>
    <subfield code="z">Colombia</subfield>
    <subfield code="2">JMCR</subfield>
    <subfield code="9">44406</subfield>
  </datafield>
  <datafield tag="650" ind1=" " ind2="7">
    <subfield code="a">Obligaciones </subfield>
    <subfield code="z"> Colombia</subfield>
    <subfield code="2">JMCR</subfield>
    <subfield code="9">44622</subfield>
  </datafield>
  <datafield tag="942" ind1=" " ind2=" ">
    <subfield code="2">ddc</subfield>
    <subfield code="c">BK</subfield>
  </datafield>
  <datafield tag="999" ind1=" " ind2=" ">
    <subfield code="c">31177</subfield>
    <subfield code="d">17561</subfield>
  </datafield>
  <datafield tag="952" ind1=" " ind2=" ">
    <subfield code="0">0</subfield>
    <subfield code="1">0</subfield>
    <subfield code="2">ddc</subfield>
    <subfield code="4">0</subfield>
    <subfield code="7">0</subfield>
    <subfield code="8">NFIC</subfield>
    <subfield code="a">CPL</subfield>
    <subfield code="b">CPL</subfield>
    <subfield code="c">CART</subfield>
    <subfield code="d">2023-04-12</subfield>
    <subfield code="e">Donaci&#xF3;n</subfield>
    <subfield code="l">0</subfield>
    <subfield code="o">346.07 N16o</subfield>
    <subfield code="p">201811937</subfield>
    <subfield code="r">2026-04-21 16:16:15</subfield>
    <subfield code="t">Ej. 1</subfield>
    <subfield code="w">2026-04-21</subfield>
    <subfield code="y">BK</subfield>
  </datafield>
</record>
